| 000 | 00377nam a2200145Ia 4500 | ||
|---|---|---|---|
| 008 | 240624s9999 xx 000 0 und d | ||
| 041 | _aeng | ||
| 082 | _a658.421 MAN | ||
| 100 | _aMANIMALA MATHEW J | ||
| 245 | _aENTREPRENEURSHIP THEORY AT THE CROSSROAD | ||
| 250 | _a(2nd ed.) | ||
| 260 |
_c2013 _aNew Delhi _bWiley |
||
| 300 | _axx, : 484 : p. : cm. ; 26 | ||
| 365 |
_cRS _b33 |
||
| 999 |
_c25575 _d25575 |
||